[Event "ISR-ch"]
[Site "Tel Aviv"]
[Date "2002.12.01"]
[Round "7"]
[White "Bar, Roman"]
[Black "Finkel, Alexander"]
[Result "1/2-1/2"]
[WhiteElo "2413"]
[BlackElo "2485"]
[Annotator "Finkel,A"]
[PlyCount "136"]
[EventDate "2002.11.24"]
[EventType "swiss"]
[EventRounds "9"]
[EventCountry "ISR"]
[SourceTitle "CBM 093"]
[Source "ChessBase"]
[SourceDate "2003.04.01"]
[SourceVersion "1"]
[SourceVersionDate "2003.04.01"]
[SourceQuality "1"]

1. e4 g6 2. d4 Bg7 3. Nc3 d6 4. Be3 Nd7 5. Nf3 a6 6. a4 b6 $5 {Opting for
Ujtelki set-up which seems to be quite playable once white is deprived of
possibility to push f4 right away.} (6... Ngf6 7. h3 O-O 8. Bc4 (8. Be2 c5 9.
d5 Rb8 10. a5 b5 11. axb6 Rxb6 12. Ra2 Rb4 13. Nd2 Nb6 14. Qa1 $14 {Ivanov,
J-Strikovic,A/Tenerife 1999}) 8... e6 9. e5 dxe5 10. dxe5 Nd5 11. Bxd5 exd5 12.
Bg5 f6 13. Qxd5+ Kh8 14. O-O-O $14 {Del Rio Angelis,S-Roa Alonso,S/Madrid 1995}
) 7. Be2 (7. Bc4 e6 8. h3 (8. O-O Bb7 9. Re1 (9. Qe2 Ne7 10. Rad1 h6 11. Nd2
O-O 12. f4 d5 13. exd5 exd5 14. Qf3 Nf6 $13 {Testor,S-Fahrner,K/Frohnleiten
2000}) 9... Ngf6 (9... Ne7 10. Qd2 h6 11. h3 g5 12. Nh2 Nf6 13. f3 Ng6 14. Rad1
O-O $13 {Gjokaj,G-Glek,I/Bad Zwesten 1999}) 10. Bg5 (10. Bf4 O-O 11. Bf1 Re8
12. Bg3 c5 13. Bxd6 cxd4 14. Nxd4 Nc5 {1/2-1/2 Speelman,J-Spassky,B/Reykjavik
1988/CBM 10 (14)}) 10... h6 11. Bh4 g5 12. Bg3 Nh5 13. Qd3 Nf8 14. a5 Nxg3 15.
hxg3 Qc8 16. axb6 cxb6 17. Bb3 Ng6 18. Nd1 Qd8 19. Ne3 h5 $132 {Turov,
M-Shchekachev,A/St Petersburg 1993}) 8... Bb7 9. g4 Ne7 10. Qd2 O-O 11. Bh6 b5
12. Bd3 c5 13. Bxg7 Kxg7 14. axb5 axb5 15. O-O c4 16. Be2 $14 {Navarro Cia,
M-Merino Garcia,R/Oropesa del Mar 1999}) 7... Bb7 8. O-O e6 9. Nd2 $6 {Going
for f4, but now it's just too late since black is ready to meet it with d5.} (
9. Qd2 Ngf6 10. Bd3 O-O 11. Bh6 e5 12. Rfe1 c6 13. Bxg7 Kxg7 14. Bf1 Re8 15.
Rad1 $11 {1/2-1/2 Kuczynski,R-Urban,K/Germany 1999/CBM 74 ext (15)}) 9... Ne7
10. f4 d5 11. e5 c5 12. Nf3 (12. Nb3 $5) 12... O-O 13. Qd2 (13. g4 Nc6 14. Qd2
f6 15. exf6 Nxf6 16. Ne5 Nxd4 17. Bxd4 cxd4 18. Qxd4 Nd7 $17 {[%csl Re5]})
13... Nf5 14. Bf2 f6 {Pawn structure is similar to the french defense however
black bishop is much better placed on g7 putting additional pressure on e5.}
15. exf6 (15. dxc5 bxc5 16. exf6 Qxf6 17. Rad1 Rae8 $15) 15... Qxf6 16. Rad1
Rac8 $5 17. Bd3 $1 {The best try under the circumstances.} (17. Ne5 Nxe5 18.
dxe5 (18. fxe5 Qe7 $17) 18... Qe7 19. g4 Nh6 $36 {[%cal Gd5d4,Gg6g5]}) 17...
cxd4 18. Ne2 Ne3 (18... Nc5 $6 19. Bxf5 Qxf5 20. Bxd4 Bh6 (20... Nxa4 $2 21.
Bxg7 Kxg7 22. Qd4+ $18) 21. Be5 Nxa4 22. Ned4 Qf7 23. Ng5 Bxg5 24. fxg5 Qd7 $13
) 19. Bxe3 dxe3 20. Qxe3 Rce8 (20... Nc5 21. Ne5 Rc7 22. b3 $13) 21. c3 Bh6 22.
Nfd4 $1 Nc5 ({Of course not} 22... e5 $2 23. Qh3 $1 {[%csl Rd7,Rh6]} exd4 24.
Qxd7 (24. Qxh6 $6 dxc3 25. bxc3 Nc5 $15) 24... Qe7 25. Qxe7 Rxe7 26. cxd4 $14)
23. Qh3 Bg7 24. Bc2 Bc8 25. Qg3 Bd7 {Forcing white to weaken c3 by playing b3.}
26. b3 {[%csl Rc3]} Ne4 (26... Rc8 $6 27. Nf3 Rfd8 28. Ne5 Be8 29. Nd4 $13) 27.
Bxe4 $6 (27. Qe3 e5 28. fxe5 Qxe5 29. Rxf8+ Bxf8 30. Nf3 Qc7 $15) 27... dxe4
28. Nc2 Qe7 (28... Bc8 $5 29. Qe3) 29. Qe3 e5 30. Qxe4 $6 (30. Qxb6 Bg4 31.
Qxa6 exf4 $36) 30... Bf5 $17 {Now white is in serious troubles because black
bishops are excaptionally strong.} 31. Qc4+ Be6 32. Qd3 Bxb3 33. fxe5 Qc5+ 34.
Kh1 Rxf1+ 35. Rxf1 Bc4 $5 (35... Bxa4 $5 36. Ncd4 Bb5 37. Nxb5 Qxb5 38. Qxb5
axb5 $17) 36. Qd2 Qxe5 37. Re1 Bxe2 38. Nd4 Qe3 (38... Qa5 39. Rxe2 Qxa4 40.
Rxe8+ Qxe8 $19) 39. Qxe2 Qxe2 40. Rxe2 Rc8 {[%csl Rc3,Rh1]} 41. g3 (41. Re3 $4
Bxd4 42. cxd4 Rc1+ $19) 41... Rxc3 42. Ne6 Rc4 $2 {Letting white to escape to
draw.} (42... Bf6 43. Nf4 Kf7 (43... Rc6 44. Re8+ Kf7 45. Ra8 b5 46. axb5 axb5
47. Ra7+ Kg8 48. Nd5 $15) 44. Nd5 Rc1+ 45. Kg2 Rc6 $17) (42... Bh6 $5 $19) 43.
Nxg7 Kxg7 44. Re6 Rxa4 (44... Rb4 45. a5 bxa5 46. Rxa6 a4 47. Ra7+ Kf6 48. Rxh7
Rb2 49. Ra7 Ra2 50. Ra5 a3 51. h4 $11) 45. Rxb6 Ra2 46. Rb7+ Kh6 47. h4 $1 $11
{Black king can't get out of the corner.} a5 (47... Kh5 48. Rxh7+ Kg4 49. Rh6
Kh3 50. Kg1 Rg2+ 51. Kf1 Rxg3 52. h5 $11) 48. g4 a4 49. Ra7 a3 50. Kg1 g5 51.
Ra6+ (51. h5 $5 {[%csl Rh6]}) 51... Kg7 52. hxg5 Kf7 53. Kf1 Ra1+ 54. Kg2 a2
55. Kh2 Ke7 56. Kg2 Kd7 57. Kh2 Kc7 58. Kg2 Kb7 59. Ra3 Kb6 60. Ra8 Kc5 61.
Rc8+ Kd5 62. Ra8 Ke4 63. Ra4+ Ke3 64. Ra3+ Kf4 65. Ra4+ Kxg5 66. Ra5+ Kxg4 67.
Ra4+ Kf5 68. Ra5+ Ke4 1/2-1/2

[Event "EU-chT (Men) 15th"]
[Site "Gothenburg"]
[Date "2005.08.03"]
[Round "5.1"]
[White "Agrest, Evgenij"]
[Black "Azmaiparashvili, Zurab"]
[Result "1/2-1/2"]
[WhiteElo "2592"]
[BlackElo "2672"]
[Annotator "Finkel,A"]
[PlyCount "161"]
[EventDate "2005.07.30"]
[EventType "team-swiss"]
[EventRounds "9"]
[EventCountry "SWE"]
[SourceTitle "CBM 109"]
[Source "ChessBase"]
[SourceDate "2005.11.14"]
[SourceVersion "1"]
[SourceVersionDate "2005.11.14"]
[SourceQuality "1"]
[WhiteTeam "Sweden"]
[BlackTeam "Georgia"]
[WhiteTeamCountry "SWE"]
[BlackTeamCountry "GEO"]

1. e4 d6 2. d4 g6 3. Nc3 Bg7 4. Be3 a6 5. Nf3 (5. h4 $5) 5... b5 (5... Nf6 6.
h3 b5 7. e5 Nfd7 8. exd6 exd6 9. Bd3 $14) 6. Bd3 Nd7 (6... Bb7 7. a4 (7. e5 e6
(7... dxe5 8. dxe5 Nc6 9. e6 f5 10. O-O Qd6 11. Qe2 Nb4 12. Rad1 $36 {Herrera,
I-Asanov,B/Guillermo Garcia Premier II 1999}) 8. Ne4 Ne7 9. Bg5 h6 10. Bf6 Bxf6
11. Nxf6+ Kf8 12. Qe2 Nd7 13. Nxd7+ Qxd7 $11 {Hatanbaatar,B-Spasov,V/Elista
olm 1998}) 7... b4 8. Nd5 Nf6 9. Nxf6+ $14) 7. e5 Bb7 (7... e6 8. Bg5 Ne7 9. a4
bxa4 10. exd6 cxd6 11. Rxa4 O-O 12. O-O Bb7 13. Be4 d5 14. Bd3 f6 15. Bh4 Nf5
$132 {Fishbein,A-Hansen,C/Kerteminde 1991/(59)}) (7... dxe5 8. Be4 Rb8 9. dxe5
{/\10.Ba7,10.e6}) 8. e6 fxe6 9. Ng5 Nf8 10. O-O (10. Qe2 $44) 10... Nh6 $1 {
[%cal Gh6f5] For some reason this natural move was never tried before, even
though black knight is perfectly placed on f5 putting a pressure on d4 and
protecting black's kingside.} (10... h6 $2 11. Bxg6+ Nxg6 12. Nxe6 Qd7 13.
Nxg7+ Kf7 14. Nh5 Nf6 15. Nxf6 exf6 16. Qh5 $16 {Svidler,P-McNab,C/Gothenburg
2005}) (10... Nf6 11. Re1 Qd7 12. Bd2 h6 13. Nf3 Rb8 14. a4 b4 15. Ne4 Nxe4 16.
Bxe4 Bxe4 17. Rxe4 {/\c3,,Rb1,Qe2~/=} Qc6 $5 18. Re3 $44 {Anand,V-Svidler,P/
Linares 1998}) (10... e5 11. dxe5 Bxe5 12. Be4) (10... Qd7) 11. a4 (11. Re1 Nf5
12. Be4 Bxe4 13. Ncxe4 h6 14. Nf3 Nd7 $15) 11... b4 12. Ne2 $6 ({Deserved
attention} 12. Na2 a5 13. c3 $13 {winning back a pawn or regaining c3 square
for the knight.}) 12... Nf5 13. Nf4 Qd7 14. Qd2 $6 ({More in the spirit of the
position was} 14. Be4 Bxe4 15. Nxe4 e5 16. dxe5 Bxe5 17. Nd3 Bg7 $13) 14... Bf6
$1 {Forcing white knight to retreat to e4. Immediate} (14... Bxd4 $6 {was less
accurate since after} 15. Bxf5 (15. Bxd4 Nxd4 16. Qxb4 c5 $17) 15... Bxe3 16.
Bxg6+ hxg6 17. fxe3 e5 18. Nd5 $44 {white gets serious counterchances.}) 15.
Ne4 Bxd4 16. Bxd4 Nxd4 17. Qxb4 c5 $17 18. Qe1 e5 19. c3 Nfe6 $1 (19... Nde6
20. Nh3 d5 $2 21. Nd2 e4 22. Bc2 $44 {[%cal Gc3c4,Gf2f3]}) 20. Nh3 (20. Nxe6
Nxe6 21. Bc4 Nf4 $19 {[%cal Gd6d5,Gd7g4]}) 20... Nf5 21. Nd2 O-O 22. f3 Nf4 $6
23. Nxf4 exf4 24. Nc4 Rab8 $6 (24... Rae8 25. a5 d5 26. Nb6 Qd6 27. Bxf5 Rxf5
28. Rd1 $17) 25. a5 d5 26. Rd1 Qc7 27. Bxf5 Rxf5 28. Nb6 {White found an
excellent defensive plan bringing the knight to b6, but white is in troubles
anyway since black has a clear plan to advance the pawns on the kingside.} Rd8
(28... Qd6) 29. Qe6+ Kf8 30. Rfe1 c4 31. Kh1 Rd6 32. Qe2 Kf7 33. Qf2 Rd8 34.
Rd2 h5 35. Red1 e6 36. Rd4 Re8 37. h3 Qc5 $6 {Not a bad move, but it was
better to prevent 38.Qh4 by playing} (37... g5 $1 {[%csl Gh4][%cal Ge8h8,Gg5g4]
with very good chances to win the game.}) 38. Qh4 Re7 $2 {Another mistake
after which black's winning chances disappear.} (38... e5 39. R4d2 $5 (39. Rxd5
$2 Bxd5 40. Rxd5 Qc6 41. Rd7+ Kg8 $17) 39... e4 40. Rd4 $132) (38... Qxa5 $5
39. Nxc4 Qc7 $17 {[%cal Gc7e7,Ge6e5]}) 39. Rxf4 Qxa5 40. Rxf5+ exf5 41. Qd4 Qb5
(41... h4 42. Nxd5 Bxd5 43. Qxd5+ Qxd5 44. Rxd5 Re2 45. Rd4 $11) 42. Nxd5 Bxd5
43. Qxd5+ Qxd5 44. Rxd5 Re2 45. Rd7+ Ke6 46. Rg7 Rxb2 (46... Kf6 47. Ra7 Rxb2
48. Rxa6+ Kg5 49. Rc6 Kf4 50. Kh2 $14) 47. Rxg6+ Ke5 48. Rc6 Kd5 49. Rf6 Ke5
50. Rc6 Kd5 51. Rf6 Rc2 52. Rxf5+ Kc6 53. g4 $6 (53. Rxh5 $1 Rxc3 54. Ra5 Kb6
55. Ra2 Rb3 56. h4 c3 57. Kh2 Rb2 58. Ra3 c2 59. Rc3 Kb5 60. h5 Kb4 61. Rc8 $18
) 53... Rxc3 54. g5 Rd3 55. g6 Rd8 56. g7 c3 57. Rf6+ Kb5 58. Rf7 c2 59. Rc7
Rg8 60. Rxc2 Rxg7 61. f4 a5 62. f5 Rf7 63. Rf2 Rf6 64. h4 Kc4 65. Rf4+ Kd5 66.
Ra4 Ra6 67. Kg2 Ke5 68. Kf3 Kxf5 69. Rf4+ Ke5 70. Ra4 Kd5 71. Kf4 Kc5 72. Kg5
Kb5 73. Ra1 a4 74. Kxh5 a3 75. Kg5 Kb4 76. h5 Kb3 77. h6 Ra7 78. Kg6 Kb2 79.
Rxa3 Kxa3 80. h7 Rxh7 81. Kxh7 1/2-1/2

[Event "EU-chT (Men) 15th"]
[Site "Gothenburg"]
[Date "2005.08.07"]
[Round "9.4"]
[White "Timofeev, Artyom"]
[Black "Hillarp Persson, Tiger"]
[Result "0-1"]
[WhiteElo "2661"]
[BlackElo "2511"]
[Annotator "Finkel,A"]
[PlyCount "96"]
[EventDate "2005.07.30"]
[EventType "team-swiss"]
[EventRounds "9"]
[EventCountry "SWE"]
[SourceTitle "CBM 109"]
[Source "ChessBase"]
[SourceDate "2005.11.14"]
[SourceVersion "1"]
[SourceVersionDate "2005.11.14"]
[SourceQuality "1"]
[WhiteTeam "Russia"]
[BlackTeam "Sweden"]
[WhiteTeamCountry "RUS"]
[BlackTeamCountry "SWE"]

1. e4 g6 2. d4 Bg7 3. Nc3 d6 4. Be3 a6 5. Qd2 Nd7 6. h4 h5 7. Nh3 b5 8. Ng5 c6
(8... Nb6 9. a4 b4 10. Nd1 a5 11. b3 Nf6 12. f3 O-O 13. Nf2 c5 14. O-O-O Qc7
15. Kb1 Bd7 $13 {Ninov,N-Wohl,A/Guegnon 2004}) (8... Bb7 9. O-O-O Ngf6 10. f3
O-O 11. g4 e5 12. d5 Nb6 13. Bd3 Rc8 14. Ne2 c5 15. dxc6 Rxc6 16. Ng3 $40 {
Apicella,M-Vingerhoets,L/Avoine 2003}) 9. a4 {White can hardly hope to fight
for an opening advantage opting for the kingside castle.} (9. O-O-O Qa5 10. Kb1
Ngf6 11. f3 Bb7 12. Qf2 Rc8 $2 13. e5 dxe5 14. dxe5 Nd5 15. Nxd5 cxd5 16. e6
$16 {Berg,E-Tikkanen,H/Goeteborg 2005}) 9... Bb7 10. f3 $6 {Young Russian
granmaster is being far too solid. That'se exactly what white shouldn't do
meeting black's set up since black pieces are very comfortable placed (once he
manages to accomplish development).} (10. Rd1 Qc7 11. f4 Nh6 12. Be2 Nf6 13.
Bf3 Nfg4 14. O-O d5 15. exd5 Nf5 16. Bf2 Rd8 $44 {Sokolov,I-Hillarp Persson,T/
Koge 1997}) (10. f4 $1 e6 $6 11. f5 gxf5 12. exf5 Qe7 13. fxe6 fxe6 14. axb5
cxb5 15. Bd3 O-O-O 16. O-O $16 {Rendle,T-Black,R/Caleta 2005}) (10. Bd3 Ngf6
11. f4 e5 12. dxe5 dxe5 13. O-O O-O 14. f5 Ng4 15. Be2 Nxe3 16. Qxe3 Qe7 17.
Rad1 $14 {Zhigalko,A-Nyback,T/Hengelo 2005}) 10... Ngf6 11. Bd3 O-O 12. O-O e5
13. axb5 (13. Ne2 $6 {[%csl Rd3]} exd4 $1 14. Nxd4 c5 15. Nde6 fxe6 16. Nxe6
Qb6 17. Nxf8 Rxf8 $15) 13... exd4 (13... axb5 14. Rxa8 Bxa8 15. Ne2 exd4 16.
Bxd4 Ne5 $13) 14. Bxd4 axb5 15. Rxa8 Qxa8 16. Ne2 Qb8 {[%csl Gd6]} 17. Bf2 Ne5
18. Nd4 d5 $5 19. b4 (19. Bg3 dxe4 20. fxe4 $6 Nc4 $1 21. Qf2 Ng4 $15) 19... c5
$1 {Excellent move! Black is playing for a win, as after simple} (19... dxe4
20. Nxe4 Nxe4 21. Bxe4 f5 22. Bd3 Qd6 23. Nb3 Nxd3 24. Nc5 Bc8 25. cxd3 Be6 $11
{he has nothing to worry about.}) 20. bxc5 dxe4 21. Bxe4 Bxe4 22. Nxe4 Nxe4 23.
fxe4 Ng4 24. Nf3 Rd8 25. Qe2 Bf8 26. e5 $6 ({May be white shouldn't have
hurried to give back a pawn} 26. c6 $5) 26... Qc8 $1 27. e6 $6 (27. Qxb5 $2
Nxf2 28. Kxf2 Bxc5+ 29. Kg3 Qg4+ 30. Kh2 Rd2 $3 $19) (27. Bd4 $5 Bxc5 28. c3 b4
29. Qb5 Bxd4+ 30. cxd4 Ne3 31. Re1 Nd5 $132) 27... Qxe6 28. Qxe6 (28. Qxb5 Nxf2
29. Kxf2 Qf5 30. Kg1 Bxc5+ 31. Kh1 Qxc2 32. Ng5 Rf8 33. Nf3 $15) 28... fxe6 29.
Ng5 $6 (29. Re1 Nxf2 30. Kxf2 Bxc5+ 31. Kf1 Rd6 32. Re5 Rc6 33. Ng5 $15) 29...
e5 30. Ne6 $6 (30. Ne4) 30... Rc8 31. Re1 Be7 $1 $19 32. g3 Kf7 33. Ng5+ Bxg5
34. hxg5 Ke6 35. Bd4 (35. Rb1 Nxf2 36. Kxf2 Rxc5 37. Kf3 Kf5 $19) 35... Kd5 36.
Bb2 Rxc5 37. Re2 Ke6 38. Bc1 b4 {[%cal Gb4b3]} 39. Bb2 Kf5 40. Rd2 Kxg5 41. Kg2
Kf5 42. Kf3 e4+ 43. Ke2 e3 44. Bd4 Rc4 45. Bxe3 Re4 46. Rd5+ Ke6 47. Rd3 g5 48.
Kf3 Rxe3+ 0-1

[Event "ROM-ch"]
[Site "Iasi"]
[Date "1999.12.20"]
[Round "8"]
[White "Vajda, Levente"]
[Black "Badea, Bela"]
[Result "0-1"]
[WhiteElo "2483"]
[BlackElo "2484"]
[Annotator "Finkel,A"]
[PlyCount "54"]
[EventDate "1999.12.13"]
[EventType "tourn"]
[EventRounds "15"]
[EventCountry "ROU"]
[EventCategory "9"]
[SourceTitle "CBM 075"]
[Source "ChessBase"]
[SourceDate "2000.04.05"]
[SourceVersion "1"]
[SourceVersionDate "2000.04.05"]
[SourceQuality "1"]

1. e4 g6 2. d4 Bg7 3. Nc3 d6 4. Be3 a6 5. Qd2 b5 6. h4 $5 (6. f3 Nd7 7. Nh3 Bb7
8. Be2 (8. a4 b4 9. Nd1 c5 10. dxc5 dxc5 11. c3 bxc3 12. Nxc3 Ngf6 $10) 8... c5
9. O-O cxd4 10. Bxd4 Ngf6 $2 11. a4 b4 $132 {Huebner,R-Ehlvest,J/Manila izt
1990} (11... bxa4 12. Rxa4 O-O 13. Rfa1 $14 {[%csl Ra6]})) 6... h6 $5 {Sharp
continuation,which however may hardly be recommended,because black's position
looks quiet suspicious.} 7. f4 $5 {On my opinion the most dangerous plan:white
is ready to give up his darksquared bishop in order to develop the initiative.}
Nf6 8. e5 (8. Bd3 $5 Bb7 9. a3 Nbd7 10. e5 dxe5 11. dxe5 Ng4 12. Nf3 $14 {
[%cal Ge5e6,Gh4h5]}) 8... b4 9. Nd1 (9. exf6 $5 bxc3 10. bxc3 Bxf6 11. h5 gxh5
12. Rxh5 Bg4 13. Rh1 e6 14. Be2 Bxe2 15. Nxe2 d5 $132) 9... Nd5 10. Bc4 Bb7 11.
Nf3 ({The most logical continuation in accordance with white's plan would be} 
11. h5 $1 g5 $5 (11... Nxe3 $6 12. Nxe3 dxe5 13. Qxb4 (13. fxe5 $5) 13... Ra7
14. hxg6 fxg6 15. dxe5 Nc6 16. Qc3 $16) 12. fxg5 dxe5 (12... Nxe3 $2 13. Nxe3
dxe5 14. Nf5 $1 Bf8 15. g6 $1 $18) 13. gxh6 Bf8 14. dxe5 Nxe3 15. Qxd8+ Kxd8
16. Nxe3 Bxh6 17. Rd1+ $16 {[%cal Ge3d5] in both cases with significient
advantage for white.}) 11... h5 12. O-O $6 ({After simple} 12. Bxd5 Bxd5 13.
Qxb4 Nd7 14. c4 Rb8 (14... Bxf3 15. gxf3 $16) 15. Qc3 Bb7 16. Nf2 $16 {white
is a pawn up and I don't see any compensation for black.}) 12... a5 13. a3 e6
$5 14. Ng5 (14. Bxd5 Bxd5 15. axb4 axb4 16. Rxa8 Bxa8 17. Qxb4 O-O $14) 14...
Nd7 15. Nf2 Rb8 $1 $132 {Black has compleated development of the pieces and
now his chanses in the forthcoming struggle are not worse.} 16. axb4 axb4 17.
Nd3 N7b6 18. Bb3 (18. Bxd5 $6 Nxd5 19. Nxb4 Nxb4 20. Qxb4 Ba6 $1 $15) 18...
Nxe3 19. Qxe3 Nd5 20. Qd2 O-O 21. Ra7 {[%cal Gf4f5]} Ne7 $1 {Defending from f5.
} 22. f5 $4 {Miscalculation based on idea to play 24.e6,which proves to be
impossibe because of 24...Bd4+ and white loses rook a7.} Nxf5 23. Rxf5 $6 exf5
$19 24. Qe3 (24. e6 Bxd4+ $19 {[%cal Gd4a7,Gd4g1]}) 24... dxe5 25. dxe5 Bd5 26.
Bxd5 Qxd5 27. Rxc7 Rbc8 0-1

[Event "Budapest FS02 GM"]
[Site "Budapest"]
[Date "2000.02.12"]
[Round "8"]
[White "Zhang, Pengxiang"]
[Black "Burnett, Ronald"]
[Result "1-0"]
[WhiteElo "2562"]
[BlackElo "2437"]
[Annotator "Finkel,A"]
[PlyCount "111"]
[EventDate "2000.02.05"]
[EventType "tourn"]
[EventRounds "13"]
[EventCountry "HUN"]
[EventCategory "9"]
[SourceTitle "CBM 076"]
[Source "ChessBase"]
[SourceDate "2000.05.31"]
[SourceVersion "1"]
[SourceVersionDate "2000.05.31"]
[SourceQuality "1"]

1. e4 g6 2. d4 d6 3. Nc3 Nd7 (3... c6 4. Nf3 Nd7 5. a4 Bg7 6. Bc4 Nb6 7. Bb3 a5
8. Ng5 Nh6 9. h4 $14 {Tkachiev,V-McNab,C/Hastings op9495}) 4. Nf3 (4. Be3 Bg7
5. Qd2 c6 6. a4 Qa5 7. Nf3 Ngf6 8. h3 b5 9. b4 $14 {Paksa,R-Frank,J/HUN-chT2
1994}) 4... Bg7 5. Bc4 $1 c6 (5... e6 6. h3 a6 7. a4 b6 8. O-O Ne7 9. Be3 Bb7
10. Re1 Nf6 11. Bd3 O-O 12. Qd2 $14 {Mitrovic,P-Ivkov,B/Pozarevac 1995}) 6. a4
$5 $14 {White chooses the best way to play against black's set up.} d5 $5 7.
exd5 $6 {Intending to keep the pawn,and this actually happens in the game;but
black on his way misses very promising possibility.Better was} (7. Bb3 $14)
7... Nb6 8. Qe2 Nxd5 $2 {After this move white is just a pawn up.It was
necessasary to play} (8... cxd5 $1 9. Bxd5 Nxd5 10. Qb5+ Bd7 11. Qxd5 Bc6 12.
Qb3 (12. Qxd8+ Rxd8 13. Be3 Bxf3 14. gxf3 Bxd4 15. Bxd4 Rxd4 16. Nb5 Rb4 $13)
12... Bxd4 13. Nxd4 Qxd4 14. Be3 Qg4 $1 $132 {with unclaer position.}) 9. Bxd5
cxd5 10. Qb5+ Bd7 11. Qxb7 $1 Nf6 12. O-O ({May be better was} 12. Nxd5 $5 Qa5+
13. Nc3 O-O 14. Bf4 Rac8 15. O-O $16 {,but who blames white for being not that
greedy?!}) 12... Qc8 13. Qxc8+ Rxc8 14. Re1 $16 Bg4 (14... Bf5 {[%csl Rc2]} 15.
Bg5 Ne4 16. Nxd5 $1 e6 17. Ne3 Nxg5 18. Nxg5 Bxd4 19. Nxf5 gxf5 20. c3 $16) 15.
Ne5 Be6 (15... Bf5 16. Re2 O-O 17. f3 a6 18. g4 Be6 19. Bf4 $16) 16. f3 Nd7 17.
Bf4 Nxe5 18. Bxe5 Bxe5 19. Rxe5 Kd7 (19... Rc4 20. Rd1 Kd7 21. Re3 Rhc8 22. Kf2
h5 23. Ke2 $16 {[%cal Ge2d2,Gd1c1,Gb2b3]}) 20. Re2 Rc4 21. Rd2 Rb8 22. Nb5 $5 {
Otherwise black just wins back a pawn.} a6 23. b3 Rcc8 24. Na3 h5 25. Re1 Bf5
26. Re3 Rc7 27. Kf2 f6 {Preparing the advance of the pawns on the kingside.} (
27... Rbc8 28. c4 (28. Ree2 g5 29. Ke1 g4 30. c4 gxf3 31. gxf3 Rb8 $14) 28...
Rb8 29. Rde2 Kc6 30. Rc3 $16) 28. Ke1 g5 29. Kd1 g4 30. Kc1 e6 (30... gxf3 31.
Rxf3 Be4 32. Re3) 31. Kb2 Kd6 32. Rc3 $6 {Losing a precious time and
permitting black to create counterplay.} (32. Ka2 $1 $16) 32... Rxc3 33. Kxc3
Rg8 34. fxg4 Rxg4 $1 $132 {[%csl Ra3][%cal Ge6e4]} (34... hxg4 35. Kb4 Rh8 36.
g3 e5 37. dxe5+ fxe5 38. Nc4+ Ke6 39. Ne3 $16) 35. g3 h4 36. gxh4 Be4 37. Rf2
f5 38. Nb1 Rxh4 39. Nd2 Rh3+ 40. Kb2 Rh4 ({After} 40... e5 $1 41. dxe5+ Kxe5
42. b4 f4 43. a5 f3 $132 {black has sufficient counterchanses.}) 41. b4 f4 $2 {
Losing move:now white manages to create two passed pawns which prove to be
unstopable.} (41... e5) 42. c4 $1 $16 e5 43. c5+ Ke6 44. dxe5 Kxe5 45. b5 axb5
46. axb5 Rh8 47. Kc3 d4+ 48. Kb4 d3 49. c6 $18 Rf8 (49... Bd5 50. Kc5 $1 Rh6
51. c7 Bb7 52. Nc4+ Ke4 53. Na5 Bc8 54. b6 Ke3 55. Rb2 $18) 50. Kc5 Ra8 51.
Nc4+ Kf5 52. c7 f3 53. Nd6+ Kf4 54. Nxe4 Kxe4 55. b6 Rc8 56. Kc4 $1 $18 1-0